[Event "4NCL Division 3s"]
[Site "Daventry Court ENG"]
[Date "2014.02.15"]
[Round "5.9"]
[White "Portman, Carl S"]
[Black "Sargent, John R"]
[Result "1/2-1/2"]
[WhiteElo "1975"]
[BlackElo "1765"]
[PlyCount "30"]
[EventDate "2014.02.15"]
[WhiteTeam "Banbury Bulldogs"]
[BlackTeam "BCM Bison (4)"]

1. e4 c5 2. Nc3 e6 3. f4 a6 4. Nf3 Nc6 5. d3 d5 6. Be2 d4 7. Nb1 Be7 8. O-O Nf6
9. h3 O-O 10. Nbd2 Nh5 11. Nc4 Ng3 12. Rf2 Qc7 13. Kh2 Nxe2 14. Qxe2 b5 15.
Nce5 Nxe5 1/2-1/2

[Event "4NCL Division 3s"]
[Site "Daventry Court ENG"]
[Date "2014.02.15"]
[Round "5.13"]
[White "Hibbitt, Arthur M"]
[Black "Moore, John R"]
[Result "0-1"]
[WhiteElo "1830"]
[BlackElo "1698"]
[PlyCount "108"]
[EventDate "2014.02.15"]
[WhiteTeam "Banbury Bulldogs"]
[BlackTeam "BCM Bison (4)"]

1. f4 d5 2. Nf3 Nf6 3. g3 g6 4. Bg2 Bg7 5. O-O O-O 6. d3 Re8 7. c3 c6 8. Qe1
Qb6+ 9. Kh1 a5 10. e4 dxe4 11. dxe4 Na6 12. Nbd2 Nc5 13. Ne5 Ng4 14. Nxg4 Bxg4
15. Qe3 Na4 16. Nc4 Qb5 17. Na3 Qc5 18. Qxc5 Nxc5 19. h3 Be6 20. Be3 Na4 21.
Bd4 Red8 22. f5 gxf5 23. exf5 Bd5 24. Bxd5 Rxd5 25. Bxg7 Kxg7 26. Rae1 Kf6 27.
g4 Rg8 28. Nc4 h5 29. Re4 hxg4 30. Ne3 Nxb2 31. Nxd5+ cxd5 32. Rxg4 Rc8 33. Rf3
Nc4 34. h4 Ne5 35. Rgg3 Nxf3 36. Rxf3 Rc4 37. Rh3 Kxf5 38. h5 Rc8 39. Kg2 Rh8
40. Rf3+ Ke6 41. Rh3 Rh6 42. Kg3 Kf5 43. Kh4 f6 44. Rf3+ Ke6 45. Rf2 Kd6 46.
Rb2 e5 47. Rxb7 e4 48. Rb2 Ke5 49. Kg4 Rh8 50. Rb7 Rg8+ 51. Kh4 e3 52. h6 Kf4
53. Rg7 Rh8 54. h7 e2 0-1

[Event "4NCL Division 3s"]
[Site "Daventry Court ENG"]
[Date "2014.02.15"]
[Round "5.29"]
[White "Garnett, John S"]
[Black "Evans, Craig J"]
[Result "1/2-1/2"]
[WhiteElo "2005"]
[BlackElo "1967"]
[PlyCount "58"]
[EventDate "2014.02.15"]
[WhiteTeam "e2e4.org.uk 4"]
[BlackTeam "Celtic Tigers 2"]

1. d4 d5 2. Nf3 Nf6 3. e3 Bg4 4. h3 Bxf3 5. Qxf3 e6 6. c4 Bb4+ 7. Bd2 a5 8. a3
Bxd2+ 9. Nxd2 c6 10. Bd3 Nbd7 11. cxd5 exd5 12. O-O O-O 13. Rfb1 Qe7 14. Qe2
Rfe8 15. b4 axb4 16. axb4 Rxa1 17. Rxa1 Qxb4 18. Rb1 Qa4 19. Rxb7 Rb8 20. Rxb8+
Nxb8 21. Nf3 Nbd7 22. Bc2 Qa3 23. Qd1 g6 24. Ba4 Qc3 25. Qb3 Qc1+ 26. Kh2 Ne4
27. Qa2 Nb6 28. Qc2 Qxc2 29. Bxc2 Nxf2 1/2-1/2

[Event "4NCL Division 3s"]
[Site "Daventry Court ENG"]
[Date "2014.02.15"]
[Round "5.30"]
[White "Buttell, David"]
[Black "Levens, David G"]
[Result "1-0"]
[WhiteElo "1872"]
[BlackElo "1978"]
[PlyCount "59"]
[EventDate "2014.02.15"]
[WhiteTeam "Celtic Tigers 2"]
[BlackTeam "e2e4.org.uk 4"]

1. d4 d5 2. c4 e5 3. dxe5 d4 4. Nf3 Nc6 5. g3 Bg4 6. Nbd2 Qd7 7. Bg2 O-O-O 8.
O-O Nge7 9. a3 Ng6 10. b4 Be7 11. Bb2 d3 12. e3 Qf5 13. Qa4 Kb8 14. Nd4 Nxd4
15. Bxd4 a6 16. b5 Rxd4 17. exd4 Qd7 18. Bxb7 Kxb7 19. bxa6+ Ka7 20. Qa5 Qc6
21. Rab1 Bh3 22. Rb7+ Ka8 23. d5 Qc5 24. Rb5 Qa7 25. Rfb1 Rc8 26. d6 cxd6 27.
Rb8+ Qxb8 28. Qd5+ Ka7 29. Rb7+ Ka8 30. Rxe7+ 1-0

[Event "4NCL Division 3s"]
[Site "Daventry Court ENG"]
[Date "2014.02.15"]
[Round "5.33"]
[White "Nwachukwu, Chino"]
[Black "Herring, Tim JC"]
[Result "1-0"]
[WhiteElo "1911"]
[BlackElo "1593"]
[PlyCount "59"]
[EventDate "2014.02.15"]
[WhiteTeam "e2e4.org.uk 4"]
[BlackTeam "Celtic Tigers 2"]

1. e4 e5 2. Nf3 Nc6 3. Bb5 Bc5 4. c3 d6 5. d4 exd4 6. cxd4 Bb4+ 7. Nc3 Bd7 8.
O-O h6 9. Qb3 Bxc3 10. bxc3 Nge7 11. Re1 O-O 12. Bd3 Ng6 13. e5 Kh8 14. Ba3 Bg4
15. Nd2 Nf4 16. Re3 Nxd3 17. Rxd3 Rb8 18. Rg3 Bf5 19. exd6 cxd6 20. Qd5 Qc8 21.
Qxd6 Re8 22. Nf1 Re6 23. Qf4 Re4 24. Qd2 Qe8 25. Ne3 Bg6 26. d5 Rd8 27. c4 Ne5
28. Bb2 Nxc4 29. Nxc4 Rxc4 30. Qxh6+ 1-0

[Event "4NCL Division 3s"]
[Site "Daventry Court ENG"]
[Date "2014.02.16"]
[Round "6.55"]
[White "Martin, Andrew D"]
[Black "Tozer, Philip AA"]
[Result "1/2-1/2"]
[WhiteElo "2390"]
[BlackElo "2140"]
[PlyCount "35"]
[EventDate "2014.02.16"]
[WhiteTeam "Guildford 3"]
[BlackTeam "Anglian Avengers 2"]

1. Nf3 Nf6 2. g3 e6 3. Bg2 d5 4. O-O Be7 5. c4 O-O 6. d4 dxc4 7. Qc2 Nbd7 8.
Qxc4 c6 9. b3 Qc7 10. Bb2 b5 11. Qc2 Bb7 12. Nbd2 Rac8 13. Rac1 h6 14. Qb1 Qb6
15. e4 c5 16. Rfe1 Rfd8 17. h3 a6 18. e5 1/2-1/2

[Event "4NCL Division 3s"]
[Site "Daventry Court ENG"]
[Date "2014.02.16"]
[Round "6.56"]
[White "Gregory, Stephen J"]
[Black "Wadsworth, Matthew J"]
[Result "0-1"]
[WhiteElo "2050"]
[BlackElo "2173"]
[PlyCount "84"]
[EventDate "2014.02.16"]
[WhiteTeam "Anglian Avengers 2"]
[BlackTeam "Guildford 3"]

1. e4 e6 2. d3 d5 3. Nd2 c5 4. Ngf3 Nc6 5. g3 Nf6 6. Bg2 Be7 7. O-O b5 8. Re1
O-O 9. e5 Nd7 10. Nf1 a5 11. h4 b4 12. N1h2 a4 13. Ng4 Ba6 14. h5 Nd4 15. Kh2
b3 16. axb3 axb3 17. cxb3 Qb6 18. Ra3 Rfb8 19. Bf4 Nxb3 20. h6 g6 21. Nf6+ Bxf6
22. exf6 Rb7 23. Ng5 Nd4 24. Be5 Nxe5 25. Rxe5 Qd6 26. f4 Rxb2 27. Qa1 Rb6 28.
Ra4 Rab8 29. Bh3 Rb2+ 30. Bg2 R2b6 31. Kh3 Bb7 32. Rxd4 cxd4 33. Rxe6 Bc8 34.
f5 Bxe6 35. fxe6 Qf8 36. Bxd5 Qxh6+ 37. Kg4 Qh5+ 38. Kf4 h6 39. exf7+ Kh8 40.
f8=Q+ Rxf8 41. Nf7+ Rxf7 42. Qa8+ Kh7 0-1

[Event "4NCL Division 3s"]
[Site "Daventry Court ENG"]
[Date "2014.02.16"]
[Round "6.57"]
[White "Osborne, Marcus E"]
[Black "LeMoir, David A"]
[Result "1/2-1/2"]
[WhiteElo "2257"]
[BlackElo "2111"]
[PlyCount "46"]
[EventDate "2014.02.16"]
[WhiteTeam "Guildford 3"]
[BlackTeam "Anglian Avengers 2"]

1. d4 d5 2. c4 Nc6 3. Nc3 e5 4. cxd5 Nxd4 5. e3 Nf5 6. Nf3 Bd6 7. e4 Nfe7 8.
Bg5 h6 9. Bh4 Nf6 10. Bb5+ Nd7 11. Bg3 Ng6 12. h4 h5 13. Ng5 a6 14. Be2 Nf6 15.
Qa4+ Bd7 16. Qb3 Rb8 17. Nd1 Nf4 18. Bf1 Qe7 19. Ne3 Bb4+ 20. Kd1 O-O 21. Kc2
c6 22. Rd1 cxd5 23. exd5 b5 1/2-1/2

[Event "4NCL Division 3s"]
[Site "Daventry Court ENG"]
[Date "2014.02.16"]
[Round "6.58"]
[White "Myall, Ivan J"]
[Black "Povah, Nigel E"]
[Result "0-1"]
[WhiteElo "2052"]
[BlackElo "2290"]
[PlyCount "94"]
[EventDate "2014.02.16"]
[WhiteTeam "Anglian Avengers 2"]
[BlackTeam "Guildford 3"]

1. e4 c5 2. c3 d5 3. exd5 Qxd5 4. d4 Nf6 5. Nf3 Bg4 6. Be2 e6 7. O-O Nc6 8. Be3
cxd4 9. cxd4 Be7 10. Nc3 Qd6 11. h3 Bh5 12. Qa4 O-O 13. Rad1 h6 14. a3 Rfd8 15.
Rd2 a6 16. Rc1 b5 17. Qc2 Rac8 18. Ne4 Nxe4 19. Qxe4 f5 20. Qf4 Qxf4 21. Bxf4
Bxf3 22. Bxf3 Nxd4 23. Rxc8 Nxf3+ 24. gxf3 Rxc8 25. Be5 Rd8 26. Rc2 Rd5 27. f4
Bd6 28. Rc6 Bxe5 29. fxe5 Rxe5 30. Rxa6 Kf7 31. Rb6 g5 32. Kg2 Kf6 33. Rb8 h5
34. Rh8 h4 35. Kf3 Rc5 36. Rb8 Ke5 37. Rb6 Rd5 38. Rb8 Rd3+ 39. Kg2 Rb3 40. Rb7
Kf4 41. Rb6 e5 42. Rb7 e4 43. Rc7 Rxb2 44. Rc3 g4 45. hxg4 Kxg4 46. Kg1 f4 47.
Rc8 h3 0-1

[Event "4NCL Division 3s"]
[Site "Daventry Court ENG"]
[Date "2014.02.16"]
[Round "6.59"]
[White "Granat, Russell G"]
[Black "Wallis, Ian J"]
[Result "1-0"]
[WhiteElo "2182"]
[BlackElo "2023"]
[PlyCount "81"]
[EventDate "2014.02.16"]
[WhiteTeam "Guildford 3"]
[BlackTeam "Anglian Avengers 2"]

1. e4 e5 2. Nf3 Nc6 3. Bb5 a6 4. Ba4 d6 5. Bxc6+ bxc6 6. d4 f6 7. O-O Ne7 8.
dxe5 fxe5 9. Qd3 Be6 10. Qc3 Qd7 11. Ng5 c5 12. f4 exf4 13. Bxf4 Ng6 14. Nxe6
Qxe6 15. Bg3 O-O-O 16. Nd2 Rg8 17. Qa5 Kb7 18. Rf3 Qd7 19. Nc4 Be7 20. Rd1 Qc6
21. Rb3+ Ka7 22. Ne3 Bf6 23. Nd5 Rc8 24. Bf2 Rge8 25. Rb4 Ne5 26. h3 Bd8 27.
Qa3 Rf8 28. Be3 Bg5 29. Bxg5 cxb4 30. Be3+ Kb7 31. Qxb4+ Qb5 32. Qe1 c5 33. b3
Rcd8 34. a4 Qc6 35. Bg5 Rd7 36. b4 cxb4 37. Qxb4+ Kc8 38. Nb6+ Kc7 39. Nxd7
Kxd7 40. Rd5 Re8 41. Qd4 1-0

[Event "4NCL Division 3s"]
[Site "Daventry Court ENG"]
[Date "2014.02.16"]
[Round "6.60"]
[White "Cook, Michael P"]
[Black "Emerson, Roger"]
[Result "1/2-1/2"]
[WhiteElo "2017"]
[BlackElo "2213"]
[PlyCount "54"]
[EventDate "2014.02.16"]
[WhiteTeam "Anglian Avengers 2"]
[BlackTeam "Guildford 3"]

1. d4 d5 2. Nf3 Nf6 3. e3 g6 4. Bd3 Bg7 5. Nbd2 O-O 6. O-O c5 7. c3 Nc6 8. dxc5
Nd7 9. Nb3 Qc7 10. e4 dxe4 11. Bxe4 Nf6 12. Bxc6 bxc6 13. Qe2 Bg4 14. Qe5 Qb7
15. Nfd4 a5 16. h3 Nd5 17. Qg3 Bd7 18. Nf3 a4 19. Nbd4 a3 20. b3 Nxc3 21. Re1
Nd5 22. Bd2 Qc8 23. Qh4 f6 24. Ne2 e5 25. Nc3 Nxc3 26. Bxc3 Be6 27. Nd2 Bd5
1/2-1/2

[Event "4NCL Division 3s"]
[Site "Daventry Court ENG"]
[Date "2014.02.16"]
[Round "6.65"]
[White "Littlejohns, David P"]
[Black "Hall, John"]
[Result "1/2-1/2"]
[WhiteElo "2033"]
[BlackElo "2259"]
[PlyCount "28"]
[EventDate "2014.02.16"]
[WhiteTeam "West is Best 1"]
[BlackTeam "Leeds University Old Boys"]

1. e4 c5 2. Nc3 Nc6 3. g3 g6 4. Bg2 Bg7 5. d3 d6 6. f4 e6 7. Nf3 Nge7 8. O-O
O-O 9. Ne2 Rb8 10. c3 b5 11. Be3 b4 12. Qc2 bxc3 13. bxc3 Ba6 14. Rab1 Qa5
1/2-1/2

[Event "4NCL Division 3s"]
[Site "Daventry Court ENG"]
[Date "2014.02.16"]
[Round "6.67"]
[White "Harley-Yeo, Gareth"]
[Black "Mossong, Hubert"]
[Result "0-1"]
[WhiteElo "1960"]
[BlackElo "2105"]
[PlyCount "84"]
[EventDate "2014.02.16"]
[WhiteTeam "West is Best 1"]
[BlackTeam "Leeds University Old Boys"]

1. Nf3 d6 2. d4 Bg4 3. c4 c6 4. Nc3 Nd7 5. g3 Ngf6 6. Bg2 e5 7. O-O Be7 8. Nh4
Nb6 9. h3 Be6 10. b3 O-O 11. Nf3 e4 12. Ng5 d5 13. c5 Nbd7 14. b4 Bf5 15. h4 h6
16. Nh3 Nh7 17. b5 Ndf6 18. bxc6 bxc6 19. f3 Re8 20. g4 Bd7 21. Bf4 Kh8 22. Rb1
Nxg4 23. fxg4 Bxg4 24. Rb7 Qc8 25. Rc7 Qe6 26. Nf2 Bh5 27. Bh3 Qg6+ 28. Kh2
Bxh4 29. Nh1 Ng5 30. Rg1 Qf6 31. Qd2 Rab8 32. Bd7 Re6 33. Rxc6 Rb2 34. Rc8+ Kh7
35. Bxg5 Bxg5 36. Qe1 Bd2 37. Nxd5 Qxd4 38. Qg3 Rg6 39. Bf5 Qxd5 40. Bxg6+ Bxg6
41. Rg2 Qf5 42. e3 Qh5+ 0-1

[Event "4NCL Division 3s"]
[Site "Daventry Court ENG"]
[Date "2014.02.16"]
[Round "6.68"]
[White "Taylor, Mark V"]
[Black "Taylor, William J"]
[Result "0-1"]
[WhiteElo "2088"]
[BlackElo "2002"]
[PlyCount "48"]
[EventDate "2014.02.16"]
[WhiteTeam "Leeds University Old Boys"]
[BlackTeam "West is Best 1"]

1. d4 Nf6 2. c4 g6 3. Nc3 Bg7 4. e4 d6 5. Nf3 O-O 6. h3 e5 7. d5 Nh5 8. Nh2 Qe8
9. Be2 Nf4 10. Bf3 f5 11. g3 Nxh3 12. Bg2 Qf7 13. Bxh3 fxe4 14. Nxe4 Bxh3 15.
Ng4 Qf5 16. Rxh3 Qxe4+ 17. Ne3 Na6 18. Rh4 Qf3 19. Qxf3 Rxf3 20. Ke2 Raf8 21.
Nd1 Nb4 22. Rb1 Nc2 23. Rh2 Nd4+ 24. Ke1 Rxg3 0-1

[Event "4NCL Division 3s"]
[Site "Daventry Court ENG"]
[Date "2014.02.16"]
[Round "6.70"]
[White "Deighton, Simon"]
[Black "Richardt, Mike"]
[Result "1/2-1/2"]
[WhiteElo "2013"]
[BlackElo "1966"]
[PlyCount "32"]
[EventDate "2014.02.16"]
[WhiteTeam "Leeds University Old Boys"]
[BlackTeam "West is Best 1"]

1. d4 d5 2. c4 Nc6 3. Nf3 Bg4 4. e3 e5 5. Be2 e4 6. Nfd2 Bxe2 7. Qxe2 Nb4 8.
Na3 Nd3+ 9. Kf1 c6 10. Nc2 f5 11. b4 Nf6 12. Ne1 Nxe1 13. Kxe1 Bxb4 14. a3
Bxd2+ 15. Bxd2 dxc4 16. Qxc4 Qd5 1/2-1/2

[Event "4NCL Division 3s"]
[Site "Daventry Court ENG"]
[Date "2014.02.16"]
[Round "6.75"]
[White "Thomas, Rik H"]
[Black "Kalaiyalahan, Akshaya"]
[Result "1-0"]
[WhiteElo "2193"]
[BlackElo "1965"]
[PlyCount "115"]
[EventDate "2014.02.16"]
[WhiteTeam "Kings Head 2"]
[BlackTeam "Guildford 4"]

1. Nf3 d5 2. g3 Nf6 3. Bg2 Bf5 4. O-O e6 5. d4 Be7 6. c4 c6 7. Nc3 O-O 8. Qb3
Qb6 9. c5 Qxb3 10. axb3 Na6 11. Ne5 Nb8 12. b4 Nbd7 13. f4 h6 14. b5 Nxe5 15.
fxe5 Nd7 16. bxc6 bxc6 17. e4 Bg4 18. h3 Bh5 19. g4 Bg6 20. Ra6 Nb8 21. Ra2 Rd8
22. Be3 f6 23. exf6 gxf6 24. exd5 exd5 25. Bxh6 Kh7 26. Bf4 Nd7 27. Rfa1 f5 28.
g5 Nxc5 29. dxc5 Bxc5+ 30. Kf1 Re8 31. Re1 Rxe1+ 32. Kxe1 Re8+ 33. Kd2 Bh5 34.
b4 Bxb4 35. Rxa7+ Kg8 36. Kd3 Re7 37. Rxe7 Bxe7 38. Ne2 Kf7 39. h4 Kg6 40. Nd4
Bb4 41. Nxc6 Be1 42. Ne7+ Kh7 43. Bxd5 Bxh4 44. Kd4 Bxg5 45. Bxg5 Kg7 46. Ke5
Bf7 47. Bxf7 Kxf7 48. Nxf5 Kg6 49. Bd8 Kf7 50. Nd6+ Kg6 51. Kf4 Kg7 52. Kg5 Kg8
53. Kg6 Kf8 54. Bf6 Kg8 55. Be7 Kh8 56. Nf7+ Kg8 57. Nh6+ Kh8 58. Bf6# 1-0

[Event "4NCL Division 3s"]
[Site "Daventry Court ENG"]
[Date "2014.02.16"]
[Round "6.77"]
[White "Lewis, Alex"]
[Black "Shepley, Julien M"]
[Result "1-0"]
[WhiteElo "2173"]
[BlackElo "1985"]
[PlyCount "71"]
[EventDate "2014.02.16"]
[WhiteTeam "Kings Head 2"]
[BlackTeam "Guildford 4"]

1. e4 d6 2. d3 e5 3. g3 Nf6 4. Bg2 Nbd7 5. c4 a5 6. Nc3 c6 7. f4 Qc7 8. Nf3 b6
9. O-O Be7 10. h3 h5 11. Be3 Nc5 12. b3 Bd7 13. Qd2 Ng8 14. fxe5 dxe5 15. d4
exd4 16. Bxd4 Qxg3 17. Ne2 Qc7 18. Bxg7 Rh7 19. Be5 Qd8 20. Rad1 f6 21. Bb2 Rg7
22. Qe3 Qc7 23. Nf4 O-O-O 24. e5 Ne6 25. Nxe6 Bxe6 26. exf6 Bc5 27. Bd4 Rxg2+
28. Kxg2 Re8 29. Qg5 Qh7 30. Bxc5 bxc5 31. Qxc5 Bd7 32. Rde1 Rxe1 33. Rxe1 Qg6+
34. Qg5 Qxg5+ 35. Nxg5 Nxf6 36. Re5 1-0

[Event "4NCL Division 3s"]
[Site "Daventry Court ENG"]
[Date "2014.02.16"]
[Round "6.78"]
[White "Galer, Sebastian E"]
[Black "Mackenzie, Colin"]
[Result "1/2-1/2"]
[WhiteElo "1851"]
[BlackElo "2087"]
[PlyCount "20"]
[EventDate "2014.02.16"]
[WhiteTeam "Guildford 4"]
[BlackTeam "Kings Head 2"]

1. e4 e6 2. d4 d5 3. exd5 exd5 4. Nf3 Bd6 5. Nc3 Ne7 6. Bg5 c6 7. Bd3 O-O 8.
O-O Bg4 9. Bh4 f6 10. h3 Bh5 1/2-1/2

[Event "4NCL Division 3s"]
[Site "Daventry Court ENG"]
[Date "2014.02.16"]
[Round "6.79"]
[White "Gilfillan, Andrew"]
[Black "Yiamakis, Albert"]
[Result "1-0"]
[WhiteElo "1967"]
[BlackElo "1740"]
[PlyCount "79"]
[EventDate "2014.02.16"]
[WhiteTeam "Kings Head 2"]
[BlackTeam "Guildford 4"]

1. e4 c5 2. Nf3 d6 3. d4 cxd4 4. Nxd4 Nf6 5. Nc3 g6 6. Be3 Bg7 7. Bc4 O-O 8. f3
Nc6 9. Qd2 Bd7 10. O-O-O Rb8 11. g4 b5 12. Bb3 Ne5 13. Bh6 Nc4 14. Qg5 a5 15.
Bxg7 Kxg7 16. Nf5+ Bxf5 17. gxf5 a4 18. Bxc4 bxc4 19. e5 Nh5 20. Rhf1 Kh8 21.
exd6 exd6 22. Nxa4 Qd7 23. Nc3 Qb7 24. Rxd6 Qxb2+ 25. Kd2 f6 26. Qe3 Qb4 27.
Qd4 Ng7 28. fxg6 hxg6 29. Rd5 g5 30. Rb1 Qe7 31. Re1 Qc7 32. Re2 Rbd8 33. Kc1
Rxd5 34. Nxd5 Qc6 35. Ne7 Qxf3 36. Ng6+ Kg8 37. Qxc4+ Rf7 38. Ne7+ Kh7 39. Qxf7
Qf4+ 40. Kb1 1-0

[Event "4NCL Division 3s"]
[Site "Daventry Court ENG"]
[Date "2014.02.16"]
[Round "6.85"]
[White "Moore, Gerald"]
[Black "Feavyour, John A"]
[Result "1/2-1/2"]
[WhiteElo "2217"]
[BlackElo "2041"]
[PlyCount "90"]
[EventDate "2014.02.16"]
[WhiteTeam "Broadland"]
[BlackTeam "Iceni 1"]

1. Nf3 d5 2. c4 c6 3. g3 Nf6 4. Bg2 dxc4 5. O-O g6 6. Na3 Bg7 7. Nxc4 O-O 8. d3
Nbd7 9. Bd2 Ng4 10. Bc3 Bxc3 11. bxc3 Qc7 12. Qd2 Kg7 13. h3 Ngf6 14. a4 Nc5
15. Qb2 Nxa4 16. Rxa4 b5 17. Ra3 bxc4 18. Nd4 Rb8 19. Qa2 cxd3 20. exd3 c5 21.
Rxa7 Qd6 22. Nc6 Be6 23. c4 Rbe8 24. Qe2 Bd7 25. Ne5 Rd8 26. Rfa1 Bf5 27. g4
Bxd3 28. Nxd3 Qxd3 29. Qxd3 Rxd3 30. Rxe7 Rd4 31. Raa7 Rxc4 32. Rec7 h5 33.
gxh5 Nxh5 34. Rxf7+ Rxf7 35. Rxf7+ Kxf7 36. Bd5+ Kf6 37. Bxc4 Ke5 38. Kg2 Kd4
39. Bf7 Nf4+ 40. Kg3 Ke4 41. Kg4 g5 42. Bc4 Kd4 43. Ba6 Ke5 44. f3 Ne6 45. Bc4
Nf4 1/2-1/2

[Event "4NCL Division 3s"]
[Site "Daventry Court ENG"]
[Date "2014.02.16"]
[Round "6.86"]
[White "Downham, Alan F"]
[Black "Hughes, Roy"]
[Result "0-1"]
[WhiteElo "2007"]
[BlackElo "2037"]
[PlyCount "86"]
[EventDate "2014.02.16"]
[WhiteTeam "Iceni 1"]
[BlackTeam "Broadland"]

1. c4 Nf6 2. Nc3 b6 3. e4 e5 4. g3 Bb7 5. Bg2 Bc5 6. Nge2 Nc6 7. O-O O-O 8. d3
Re8 9. a3 a5 10. Rb1 h6 11. Bd2 Rc8 12. Na4 Bf8 13. b4 axb4 14. axb4 Ra8 15. f4
d6 16. b5 Nb8 17. Nec3 Nbd7 18. f5 Be7 19. g4 Nh7 20. Nd5 Bxd5 21. exd5 Bg5 22.
Be1 Qe7 23. Nc3 Nc5 24. Ne4 Nxe4 25. Bxe4 f6 26. Qe2 Bf4 27. h4 Ra7 28. Rb2
Rea8 29. Bg2 Qd7 30. Rxf4 exf4 31. Qe6+ Qf7 32. Re2 Nf8 33. Qe4 Ra2 34. Bd2 Rb2
35. Qxf4 Ra1+ 36. Kf2 Raa2 37. Bf3 Nd7 38. d4 Ra3 39. g5 Rbb3 40. Bg4 hxg5 41.
hxg5 fxg5 42. Qxg5 Nf6 43. Be3 Ne4+ 0-1

[Event "4NCL Division 3s"]
[Site "Daventry Court ENG"]
[Date "2014.02.16"]
[Round "6.95"]
[White "Majer, Chris E"]
[Black "Thorarinsson, Pall A"]
[Result "0-1"]
[WhiteElo "1994"]
[BlackElo "2226"]
[PlyCount "70"]
[EventDate "2014.02.16"]
[WhiteTeam "MK Phoenix 2"]
[BlackTeam "Fermented Sharks"]

1. e4 g6 2. d4 Bg7 3. Nc3 d6 4. f4 Nf6 5. a3 O-O 6. Nf3 Na6 7. Be3 c5 8. Bxa6
cxd4 9. Bxd4 bxa6 10. O-O Bb7 11. Qd3 Qc7 12. Rae1 Rfe8 13. Kh1 e5 14. Be3 d5
15. Nxe5 dxe4 16. Qe2 Nh5 17. g3 Bxe5 18. fxe5 Rxe5 19. g4 Ng7 20. Bf4 e3+ 21.
Kg1 Qc6 22. Qf3 Qxf3 23. Rxf3 Bxf3 24. Bxe5 Bxg4 25. Rxe3 Nf5 26. Rd3 Re8 27.
Bf4 h6 28. Rd7 g5 29. Rxa7 Re1+ 30. Kf2 Rc1 31. Nd5 Rxc2+ 32. Kg1 Nh4 33. Kf1
Nf3 34. Ra8+ Kh7 35. Ne7 Bh3# 0-1

[Event "4NCL Division 3s"]
[Site "Daventry Court ENG"]
[Date "2014.02.16"]
[Round "6.96"]
[White "Farkas, Daniel"]
[Black "Adebajo, Olufemi"]
[Result "1-0"]
[WhiteElo "2120"]
[BlackElo "1979"]
[PlyCount "99"]
[EventDate "2014.02.16"]
[WhiteTeam "Fermented Sharks"]
[BlackTeam "MK Phoenix 2"]

1. e4 c5 2. c3 Nf6 3. e5 Nd5 4. d4 cxd4 5. Nf3 e6 6. cxd4 Nc6 7. Bc4 Nb6 8. Bb3
d6 9. Qe2 dxe5 10. dxe5 Be7 11. O-O O-O 12. Nc3 Nd4 13. Nxd4 Qxd4 14. Rd1 Qb4
15. Ne4 Bd7 16. Nd6 Bc6 17. Be3 Rad8 18. Rd4 Qa5 19. Bf4 Nd5 20. Bg3 Qc7 21.
Rc1 Qb6 22. Rcd1 a5 23. Qg4 Bxd6 24. exd6 Bd7 25. Qh4 Rc8 26. Rg4 Qd8 27. Qh6
Qf6 28. Qd2 Kh8 29. Re1 Qd8 30. Rh4 f5 31. Bxd5 exd5 32. Qxd5 Re8 33. Rd1 Qg5
34. Rhd4 Rc1 35. h4 Rxd1+ 36. Rxd1 Qg4 37. Rd4 Qg6 38. Qxb7 Qe6 39. Qd5 Qe1+
40. Kh2 h6 41. Qf7 Qe6 42. Qxe6 Rxe6 43. Rd5 Re4 44. f3 Ra4 45. a3 Kg8 46. Re5
Kf8 47. Re7 f4 48. Rxd7 fxg3+ 49. Kxg3 Rd4 50. Ra7 1-0

[Event "4NCL Division 3s"]
[Site "Daventry Court ENG"]
[Date "2014.02.16"]
[Round "6.97"]
[White "Martinez Villena, David"]
[Black "Agnew, Alan"]
[Result "0-1"]
[WhiteElo "1991"]
[BlackElo "2070"]
[PlyCount "76"]
[EventDate "2014.02.16"]
[WhiteTeam "MK Phoenix 2"]
[BlackTeam "Fermented Sharks"]

1. d4 d6 2. e4 g6 3. c4 Bg7 4. Nc3 e5 5. dxe5 dxe5 6. Qxd8+ Kxd8 7. Bg5+ f6 8.
O-O-O+ Nd7 9. Be3 Bh6 10. Bxh6 Nxh6 11. Be2 c6 12. g3 Ke7 13. f4 Nc5 14. h3 a5
15. Nf3 Nf7 16. h4 h5 17. Rhf1 Bg4 18. Nd2 Bxe2 19. Nxe2 Rad8 20. Nc3 Rd3 21.
Nf3 Rhd8 22. Rxd3 Nxd3+ 23. Kc2 exf4 24. Ne1 Nxe1+ 25. Rxe1 fxg3 26. Rg1 g5 27.
Rxg3 Ke6 28. Rg1 Ke5 29. a3 g4 30. c5 Rd4 31. Rf1 Nh6 32. b3 f5 33. exf5 Nxf5
34. Re1+ Kf6 35. Ne4+ Kg6 36. Kc3 Rd7 37. Rh1 Re7 38. Kd3 Rxe4 0-1

[Event "4NCL Division 3s"]
[Site "Daventry Court ENG"]
[Date "2014.02.16"]
[Round "6.98"]
[White "Millward, Kevin P"]
[Black "Elwin, Adrian G"]
[Result "0-1"]
[WhiteElo "2001"]
[BlackElo "1970"]
[PlyCount "70"]
[EventDate "2014.02.16"]
[WhiteTeam "Fermented Sharks"]
[BlackTeam "MK Phoenix 2"]

1. g3 Nf6 2. Bg2 g6 3. e4 d6 4. Ne2 Bg7 5. O-O O-O 6. Nbc3 c6 7. d3 e5 8. h3
Ne8 9. Be3 f5 10. Qd2 Be6 11. d4 Nf6 12. d5 cxd5 13. exf5 gxf5 14. Nxd5 Nc6 15.
Rad1 Ne8 16. c4 Qd7 17. Kh2 Ne7 18. Nxe7+ Qxe7 19. b3 Rd8 20. Bd5 b6 21. Bg5
Nf6 22. Nc3 f4 23. gxf4 exf4 24. Rde1 Ng4+ 25. Kh1 Qxg5 26. Bxe6+ Kh8 27. Bxg4
h5 28. Bf3 Qh4 29. Kh2 Be5 30. Rg1 Rg8 31. Ne4 Rg4 32. Qd1 Rdg8 33. Bxg4 f3+
34. Rg3 hxg4 35. Reg1 Qxh3# 0-1

[Event "4NCL Division 3s"]
[Site "Daventry Court ENG"]
[Date "2014.02.16"]
[Round "6.99"]
[White "Valentine, Brian J"]
[Black "Karahaliou, Elia"]
[Result "1-0"]
[WhiteElo "1965"]
[BlackElo "2012"]
[PlyCount "85"]
[EventDate "2014.02.16"]
[WhiteTeam "MK Phoenix 2"]
[BlackTeam "Fermented Sharks"]

1. e4 c5 2. Nf3 Nc6 3. Bb5 e6 4. O-O Nge7 5. c3 a6 6. Bxc6 bxc6 7. d3 d6 8. Bg5
h6 9. Be3 Ng6 10. Nbd2 Be7 11. d4 cxd4 12. Nxd4 Qc7 13. Ne2 O-O 14. f4 f5 15.
exf5 Rxf5 16. Qc2 Nh8 17. Ng3 Rf8 18. Rae1 Bd7 19. f5 e5 20. c4 Qc8 21. Qd3 Qb7
22. b3 d5 23. Qb1 Bh4 24. Bc5 Rf7 25. Rxe5 Re8 26. Nf3 Bxg3 27. hxg3 Qb8 28.
Rxe8+ Qxe8 29. Re1 Qc8 30. g4 h5 31. Ne5 hxg4 32. Nxf7 Nxf7 33. f6 Bf5 34. Qb2
g6 35. Re7 Be4 36. Qf2 Qd8 37. Qf4 Bf5 38. Rb7 Qxf6 39. Bd4 Qh4 40. Qb8+ Nd8
41. Rg7+ Kf8 42. Qd6+ Ke8 43. Rg8+ 1-0

[Event "4NCL Division 3s"]
[Site "Daventry Court ENG"]
[Date "2014.02.16"]
[Round "6.100"]
[White "Hermes, Geoff R"]
[Black "Matthews, Adrian MS"]
[Result "0-1"]
[WhiteElo "1998"]
[BlackElo "1869"]
[PlyCount "84"]
[EventDate "2014.02.16"]
[WhiteTeam "Fermented Sharks"]
[BlackTeam "MK Phoenix 2"]

1. e4 c5 2. c3 d5 3. exd5 Qxd5 4. d4 Nf6 5. Nf3 Bg4 6. Be2 e6 7. c4 Qd8 8. Be3
cxd4 9. Nxd4 Bxe2 10. Qa4+ Qd7 11. Qxd7+ Nbxd7 12. Kxe2 Rc8 13. Nd2 Ng4 14.
Rac1 Nxe3 15. fxe3 e5 16. Nb5 a6 17. Nc3 f5 18. Nd5 Bd6 19. b4 Bb8 20. c5 Nf6
21. Nb6 Rd8 22. Ndc4 Ne4 23. Rc2 O-O 24. Na5 Rf7 25. Rd1 Rxd1 26. Kxd1 Bc7 27.
Ke2 h5 28. Nbc4 Bb8 29. c6 b5 30. Nb6 Bc7 31. Nd5 Kf8 32. Nb7 Ke8 33. Nc5 Nxc5
34. Rxc5 Kd8 35. Kd3 e4+ 36. Kd4 Bxh2 37. Nf4 Bxf4 38. exf4 g6 39. Ke5 Kc7 40.
Ke6 Rf8 41. Rd5 Rd8 42. Rc5 Rd6+ 0-1